| 000 | 00679cam a2200217 4500 | ||
|---|---|---|---|
| 001 | D11384 | ||
| 008 | 090401t1982 xxu||||| |||| 00| 0 eng d | ||
| 035 | _a(Sirsi) u97963 | ||
| 041 | _aeng | ||
| 050 | _a526.3 | ||
| 100 | _aRobertson, D.S. | ||
| 245 | _aEarth rotation information derived from MERIT and POLARIS VLBI observations. [High precision Earth rotation and Earth-Moon dynamics] | ||
| 260 |
_bDavid Reidel Publishing Co _c1982 |
||
| 300 | _ap. 97 - 122 | ||
| 350 | _a0 | ||
| 520 | _aIn: RICS. Land surveyors information package 5: Very Long Baseline Interferometry | ||
| 700 | _aCarter, W.E. | ||
| 700 | _aCalame, O (ed) | ||
| 942 | _n0 | ||
| 948 | _c04/03/1997 | ||
| 999 |
_c99037 _d99037 |
||